Pequeña historia de Joan Miró / (Registro nro. 10163)
[ vista simple ]
| 000 -LEADER | |
|---|---|
| fixed length control field | 00935nam a2200325 4500 |
| 001 - CONTROL NUMBER | |
| control field | 86452 |
| 003 - CONTROL NUMBER IDENTIFIER | |
| control field | DO-SdBNP |
| 005 - DATE AND TIME OF LATEST TRANSACTION | |
| control field | 20180403105221.0 |
| 007 - PHYSICAL DESCRIPTION FIXED FIELD--GENERAL INFORMATION | |
| fixed length control field | 86452 |
| 008 - FIXED-LENGTH DATA ELEMENTS--GENERAL INFORMATION | |
| fixed length control field | 870324 s 1985 sp a spa |
| 016 7# - NATIONAL BIBLIOGRAPHIC AGENCY CONTROL NUMBER | |
| Record control number | |
| Canceled/invalid record control number | |
| Source | BPMSU |
| 017 ## - COPYRIGHT OR LEGAL DEPOSIT NUMBER | |
| Copyright or legal deposit number | |
| Assigning agency | |
| 020 ## - INTERNATIONAL STANDARD BOOK NUMBER | |
| International Standard Book Number | 8485984218 |
| 035 ## - SYSTEM CONTROL NUMBER | |
| System control number | |
| 040 ## - CATALOGING SOURCE | |
| Original cataloging agency | BPMSU |
| Language of cataloging | spa |
| Transcribing agency | BPMSU |
| Description conventions | |
| 041 1# - LANGUAGE CODE | |
| Language code of text/sound track or separate title | spa |
| 080 #0 - UNIVERSAL DECIMAL CLASSIFICATION NUMBER | |
| Universal Decimal Classification number | |
| 080 #0 - UNIVERSAL DECIMAL CLASSIFICATION NUMBER | |
| Universal Decimal Classification number | |
| 100 1# - MAIN ENTRY--PERSONAL NAME | |
| Personal name | Durán i Riu, Fina |
| 240 10 - UNIFORM TITLE | |
| Uniform title | <a href="Petita historia de Joan Miró">Petita historia de Joan Miró</a> |
| Language of a work | español |
| 245 10 - TITLE STATEMENT | |
| Title | Pequeña historia de Joan Miró / |
| Medium | |
| Statement of responsibility, etc. | Fina Duran i Riu, Pilarín Bayés ; traducción, Jordi Oliveras |
| 260 ## - PUBLICATION, DISTRIBUTION, ETC. (IMPRINT) | |
| Place of publication, distribution, etc. | Barcelona : |
| Name of publisher, distributor, etc. | Mediterrània, |
| Date of publication, distribution, etc. | 1985 |
| 300 ## - PHYSICAL DESCRIPTION | |
| Extent | [17] p.: |
| Other physical details | il.; |
| Dimensions | 28 cm |
| 600 17 - SUBJECT ADDED ENTRY--PERSONAL NAME | |
| Personal name | Miró, Joan |
| Dates associated with a name | 1893-1983 |
| Form subdivision | Libros infantiles |
| Source of heading or term | |
| 700 1# - ADDED ENTRY--PERSONAL NAME | |
| Personal name | Bayés, Pilarín |
| Dates associated with a name | 1941- |
| 700 1# - ADDED ENTRY--PERSONAL NAME | |
| Personal name | Oliveras, Jordi |
| Relator term | tr. |
| 942 ## - ADDED ENTRY ELEMENTS (KOHA) | |
| Source of classification or shelving scheme | Dewey Decimal Classification |
| Koha item type | Libros |
| 945 ## - LOCAL PROCESSING INFORMATION (OCLC) | |
| a | Inventariado, 2018/ YL |
| 956 ## - LOCAL ELECTRONIC LOCATION AND ACCESS (OCLC) | |
| Host name | VMATEO |
| Access number | 10 |
| Compression information | 20160518 |
| Path | BPMSU |
| Electronic name | 0069 |
| Withdrawn status | Lost status | Source of classification or shelving scheme | Damaged status | Not for loan | Collection code | Home library | Current library | Date acquired | Source of acquisition | Total Checkouts | Barcode | Date last seen | Price effective from | Koha item type |
|---|---|---|---|---|---|---|---|---|---|---|---|---|---|---|
| Dewey Decimal Classification | Colección Infantil General | Biblioteca Pública Metropolitana Salomé Ureña | Biblioteca Pública Metropolitana Salomé Ureña | 05/18/2016 | FUNDI | BPMSU16050381 | 05/18/2016 | 05/18/2016 | Libros |